00649nam a2200157 a 450000100100000000500170001000800410002704000250006810000320009324500660012526000450019130000260023695201060026295201060036899900170047400004546220201002052250.0150407s19uu dr a 000 0 spa d0 aDO-SdBNPbspacBNPHU1 aGimeno, Ma. Consuelo97351610aQuiénes construyeron más tamboras /cMa. Consuelo Gimeno. aSanto Domingo :bCentro Poveda,c[190?]. a5 p. :bil. ;c21 cm. 00107-18PDaGRbGRcOId2015-04-07iLF1l0o p45462-10r2020-06-25w2020-06-25yLFPDZNo se presta 00107-18PDaGRbGRcOId2015-04-07iLF1l0o p45462-20r2020-06-25w2020-06-25yLFPDZNo se presta c44951d44951